| 000 | 00930cam a22002773a 4500 | ||
|---|---|---|---|
| 001 | 5768 | ||
| 003 | PGUSA | ||
| 005 | 20140828083124.0 | ||
| 008 | 040501s2004||||xxu|||||s|||||000 | eng d | ||
| 040 |
_aPGUSA _beng |
||
| 042 | _adc | ||
| 050 | 4 | _aQA | |
| 100 | 1 |
_aWilliams, Sam, _d1969- |
|
| 245 | 1 | 0 |
_aFree as in Freedom : _bRichard Stallman's Crusade for Free Software _h[electronic resource] / _cSam Williams |
| 260 |
_bProject Gutenberg, _c2004 |
||
| 506 | _aCopyrighted. Read the copyright notice inside this book for details. | ||
| 516 | _aElectronic text | ||
| 653 | _aFree Software Foundation (Cambridge, Mass.) | ||
| 653 | _aComputer programmers -- United States -- Biography | ||
| 653 | _aComputer hackers -- United States -- Biography | ||
| 653 | _aStallman, Richard | ||
| 653 | _aOpen source software | ||
| 830 | 0 |
_aProject Gutenberg _v5768 |
|
| 856 | 4 | 0 | _uhttp://www.gutenberg.org/ebooks/5768 |
| 942 | _cEB | ||
| 999 |
_c235096 _d235096 |
||